BIBLIOTECA PODER JUDICIAL
Portal Judicial TDF

La acción de desalojo entre coherederos / (Registro nro. 6217)

000 -LEADER
fixed length control field 01236nab a22002297a 4500
003 - CONTROL NUMBER IDENTIFIER
control field OSt
005 - DATE AND TIME OF LATEST TRANSACTION
control field 20260126002820.0
008 - FIXED-LENGTH DATA ELEMENTS--GENERAL INFORMATION
fixed length control field 190514b xxu||||| |||| 00| 0 spa d
040 ## - CATALOGING SOURCE
Transcribing agency PJ
100 ## - MAIN ENTRY--PERSONAL NAME
9 (RLIN) 5891
Personal name Pérez Hortal, María Eugenia
245 13 - TITLE STATEMENT
Title La acción de desalojo entre coherederos /
Statement of responsibility, etc María Eugenia Pérez Hortal.
300 ## - PHYSICAL DESCRIPTION
Extent p. 44-51
500 ## - GENERAL NOTE
General note Cita: TR LALEY AR/DOC/2122/2024.
505 ## - FORMATTED CONTENTS NOTE
Formatted contents note Sumario: I. Introducción.— II. El planteo judicial. Su desarrollo.— III. El desalojo entre herederos forzosos.— IV. Transmisión de la posesión hereditaria a los herederos.— V. Proceso de indivisión hereditaria. El uso y goce exclusivo de los bienes por un coheredero. La acción de partición.— VI. Conclusiones.
505 ## - FORMATTED CONTENTS NOTE
Title Fallo comentado: CCiv. y Com., La Matanza, sala I ~ 20/02/2024 ~ O. N. D. V. y otros c. T., N. B. Y O/A s/ desalojo (excepto por falta de pago).
650 #0 - SUBJECT ADDED ENTRY--TOPICAL TERM
9 (RLIN) 967
Topical term or geographic name as entry element DERECHO DE FAMILIA
650 #0 - SUBJECT ADDED ENTRY--TOPICAL TERM
9 (RLIN) 888
Topical term or geographic name as entry element SUCESIONES
650 #0 - SUBJECT ADDED ENTRY--TOPICAL TERM
9 (RLIN) 1084
Topical term or geographic name as entry element HEREDEROS
650 #0 - SUBJECT ADDED ENTRY--TOPICAL TERM
9 (RLIN) 1057
Topical term or geographic name as entry element JURISPRUDENCIA APLICABLE
773 0# - HOST ITEM ENTRY
Host Biblionumber 2844
Host Itemnumber 3222
Place, publisher, and date of publication Buenos Aires : AbeledoPerrot, 1989-
Title Derecho de familia. Revista Interdisciplinaria de doctrina y jurisprudencia. Octubre 2024-V.
International Standard Book Number 18511201
942 ## - ADDED ENTRY ELEMENTS (KOHA)
Source of classification or shelving scheme
Koha item type Analítica Artículo de Revista

No hay ítems disponibles.

12 de Octubre 789 Ushuaia - Tel:  54(02901)441571
Horario de Atención: 8.00 a 17.00 hs. 
bibliotecaush@justierradelfuego.gov.ar
koha@justierradelfuego.gov.ar
Seguinos en nuestras redes @bibliojustdf 

Con tecnología Koha